000 00183 a2200097 4500
020 _a9780736255882
041 _aeng
100 _aAllison K. Lim
245 _aDay and Night
942 _cBK
999 _c8419
_d8419